000 00650nmm a2200193Ia 4500
008 251105s9999||||xx |||||||||||||||||und||
020 _a9788415770534
041 _aspa
100 _aBayona Aznar, Bernardo
245 0 _aDoctrinas y relaciones de poder en el Cisma de Occidente y en la época conciliar (1378-1449)
264 _a[Madrid, España] :
_bPrensas Universitarias de Zaragoza,
_c2013
300 _a386 páginas
490 _aCiencias sociales
650 _aReligion(s)
700 _aBayona Aznar, Bernardo
700 1 _a Souza, José Antônio de C. R. de
856 _uhttps://public.digitaliapublishing.com/a/42772
942 _cCF
999 _c62623
_d62623